000 02255cam a22004574i 4500
003 PE-LiUPU
005 20250731172740.0
008 150617s1963 sp r 000 0 spa d
035 _a(Sirsi) a11942
040 _aPE-LiUPU
_bspa
_cPE-LiUPU
_erda
049 _aPRUA
082 0 4 _a232.9
_bV73
_221
100 1 _aDe Viñato, Cándido,
_eautor.
245 1 0 _aAutorretrato de Cristo /
_cCándido De Viñato.
264 1 _aMadrid :
_bEdiciones Estvdivm,
_c1963.
300 _a167 páginas ;
_c19 centímetros
336 _atext
_2rdacontent
337 _aunmediated
_2rdamedia
338 _avolume
_2rdacarrier
490 0 _aColección Bíblicas
505 0 _aEsto dijo Jesús de sí mismo -- Preexistencia de Jesús -- Jesús no es de este mundo -- Jesús es el principio -- Jesús, consubstancial con el Padre -- Jesús es el Mesías -- Misión de Jesús -- Jesús vino a salvar -- Jesús, sol de la humanidad -- Jesús, pan del cielo -- Jesús, pan del alma -- Jesús, puerta de salvación -- Jesús, buen pastor -- Jesús, fuente de vida -- Jesús camino, verdad y vida -- Jesús, vid verdadera -- Jesús, Maestro y Señor -- Jesús es rey -- La realeza de Jesús -- Jesús, más que todos -- Todo en mano de Jesús -- Santidad de Jesús -- La vida interior de Jesús -- El manjar de Jesús -- Jesús agradaba al Padre -- Pobreza de Jesús -- Ternura de Jesús -- La familia de Jesús -- El cuerpo de Jesús, templo de Dios -- La tristeza de Jesús -- Jesús anuncia su pasión -- En la escuela.
526 _aSEG42
526 _aSEG41
526 _aSEG40
526 _aSEG39
526 _aP94
526 _aP87
526 _aP86
526 _aP85
526 _aP77
526 _aP76
526 _aP35
600 0 4 _aJesucristo.
910 _ajck
_bjvq
_cjck
_d20150616
942 _2ddc
_cBOOK
949 _a232.9 V73
_wDEWEY
_c1
_i12449
_lCCODEBUL1
_mBUL
_p20.00
_r0
_sY
_tBOOK
_u2015-04-21
_xTEOLOGIA
_PP35
_0COMPRA
_o.STAFF. Colección Teología
994 _aC0
_bPEPRU
596 _a1
999 _a232.9 V73
_wDEWEY
_c2145
_i12449
_f2021-11-11
_g5
_lCCODEBUL1
_mBUL
_p20.00
_r0
_sY
_tBOOK
_u2015-4-21
_xTEOLOGIA
_PP35
_0COMPRA
_o.STAFF. Colección Teología
_d2145
980 _81
_gALBERTO SANCHEZ Responsable de Automatización